Classiques d'animation Disney par protagoniste - Statistiques

Statistiques générales
  • Ce quiz a été pris 235 fois
  • Le résultat moyen est 16 sur 21
Statistiques - réponses
Hint Réponse % Correct
Mowgli Le Livre de la jungle
98%
Ariel La Petite Sirène
95%
Quasimodo Le Bossu de Notre-Dame
95%
Simba Le Roi lion
95%
Aurore La Belle au bois dormant
94%
Anna La Reine des neiges
93%
Tiana La Princesse et la Grenouille
92%
Judy Hopps Zootopie
89%
Arthur Merlin l'Enchanteur
88%
Duchesse Les Aristochats
86%
Mirabel Encanto : La Fantastique Famille Madrigal
81%
Lady La Belle et le Clochard
81%
Pongo Les 101 Dalmatiens
78%
Hiro Hamada Les Nouveaux Héros
72%
Milo Thatch Atlantide, l'empire perdu
64%
Kenaï Frère des ours
64%
Jim Hawkins La Planète au trésor : Un nouvel univers
57%
Maggie La ferme se rebelle
55%
Lewis Bienvenue chez les Robinson
54%
Searcher Clade Avalonia : L'Étrange Voyage
47%
Aladar Dinosaure
45%
Aucun quiz correspondant
Distribution des résultats
% des personnes avec chaque résultat
Percentile par nombre de réponses
Votre historique - résultats
Vous n’avez pas pris ce quiz